| 000 | 00414cam a22001337a 4500 | ||
|---|---|---|---|
| 008 | 180718b1970 xxu||||| |||| 00| 0 eng d | ||
| 082 | _aAPPPA 75-76 NAR | ||
| 100 | _aNarain, Govind | ||
| 245 |
_aPerformance appraisal & promotion system _cby Govind Narain |
||
| 260 |
_aNew Delhi _bIndian Institute of Public Administration _c1970 |
||
| 300 | _av.p. | ||
| 650 | _aPromotion system | ||
| 650 | _aPerformance appraisal | ||
| 999 |
_c501096 _d501096 |
||